00488nam a22001457a 450000500170000002000180001708200180003510000260005324500460007926000490012530000110017494200120018599900190019795201260021620260513151143.0 a9789360610517 a541.38 ADA.R  aAdams, Francis910866 aRadioisotopes in soil and plant studies / aDarya Ganj , bPinakin Publishing : cc2025. a272 p. 2ddccBK c759551d759551 00102ddc4070aBOTbBOTcGENd2026-05-13eThe book bayl0o541.38 ADA.R pBOT10996r2026-05-13 15:15:11w2026-05-13yBK